000 00279 a2200157 4500
001 160510
020 _a
040 _cMagnum
100 _aLins, Guto
240 1 0 _aCade ?
_lpor
245 1 0 _aCade ?
362 0 _a1899
440 1 _aFTD
697 _aI/GERAL
942 _cBK
999 _c160510
_d160510